<?xml version="1.0" encoding="UTF-8"?><?xml-stylesheet type="text/xsl" href="static/style.xsl"?><OAI-PMH xmlns="http://www.openarchives.org/OAI/2.0/" xmlns:xsi="http://www.w3.org/2001/XMLSchema-instance" xsi:schemaLocation="http://www.openarchives.org/OAI/2.0/ http://www.openarchives.org/OAI/2.0/OAI-PMH.xsd"><responseDate>2026-04-18T02:34:10Z</responseDate><request verb="GetRecord" identifier="oai:www.recercat.cat:10459.1/468806" metadataPrefix="marc">https://recercat.cat/oai/request</request><GetRecord><record><header><identifier>oai:recercat.cat:10459.1/468806</identifier><datestamp>2025-10-20T18:30:29Z</datestamp><setSpec>com_2072_3622</setSpec><setSpec>col_2072_479130</setSpec></header><metadata><record xmlns="http://www.loc.gov/MARC21/slim" xmlns:dcterms="http://purl.org/dc/terms/" xmlns:xsi="http://www.w3.org/2001/XMLSchema-instance" xmlns:doc="http://www.lyncode.com/xoai" xsi:schemaLocation="http://www.loc.gov/MARC21/slim http://www.loc.gov/standards/marcxml/schema/MARC21slim.xsd">
   <leader>00925njm 22002777a 4500</leader>
   <datafield ind2=" " ind1=" " tag="042">
      <subfield code="a">dc</subfield>
   </datafield>
   <datafield ind2=" " ind1=" " tag="720">
      <subfield code="a">Mora Marin, German</subfield>
      <subfield code="e">author</subfield>
   </datafield>
   <datafield ind2=" " ind1=" " tag="720">
      <subfield code="a">Recasens i Guinjuan, Jordi</subfield>
      <subfield code="e">author</subfield>
   </datafield>
   <datafield ind2=" " ind1=" " tag="720">
      <subfield code="a">Osuna, María D.</subfield>
      <subfield code="e">author</subfield>
   </datafield>
   <datafield ind2=" " ind1=" " tag="720">
      <subfield code="a">Gil-Monreal, Miriam</subfield>
      <subfield code="e">author</subfield>
   </datafield>
   <datafield ind2=" " ind1=" " tag="720">
      <subfield code="a">Torra Farré, Joel</subfield>
      <subfield code="e">author</subfield>
   </datafield>
   <datafield ind2=" " ind1=" " tag="260">
      <subfield code="c">2024-04-16</subfield>
   </datafield>
   <datafield ind2=" " ind1=" " tag="520">
      <subfield code="a">Chloris truncata R. Br es una gramínea perenne con vía fotosintética C4. Es originaria de Australia, pero actualmente se distribuye en otras regiones subtropicales del mundo. En España se considera una especie alóctona naturalizada, en márgenes de carretera, principalmente en Extremadura y Cataluña. Actualmente, se han reportado fallos en su control con glifosato. Estudios previos reportan que la resistencia a herbicidas se basa en la amplificación del gen EPSPS. En 2022 se recolectaron semillas de plantas de campo supervivientes a tratamientos con glifosato en Talayuela – Extremadura (CTT-R); como material sensible de referencia se usó una población procedente de Australia (CTA-S). Se realizaron pruebas preliminares (invernadero) en plántulas con cuatro hojas (BBCH 14), con dosis de (1.5 y 3 L ha-1) 540 y 1080 g i.a. ha-1 de glifosato, sobreviviendo un 100%. En el mismo año, se llevaron a cabo, ensayos de dosis – respuesta con un rango de dosis entre 270 y 8,640 g i.a. ha-1. A los 28 días después del tratamiento (DAT), se evaluó el porcentaje de
supervivencia y se determinaron valores de: 1.146,7 y 321,34 g i.a. ha-1 para la GR50 con un Factor de Resistencia (RF) de 3,7 veces; para LD50, 1.882,9 y 712.5 g i.a. ha-1 con un RF de 2.6 para las poblaciones CTT-R y CTA-S, respectivamente. Actualmente se llevan a cabo experimentos complementarios de dosis-respuesta con nuevas poblaciones recolectadas
en Extremadura y Cataluña, para confirmar o no, la presencia de otros biotipos resistentes al glifosato y dilucidar el mecanismo de resistencia involucrado.</subfield>
   </datafield>
   <datafield ind1="8" ind2=" " tag="024">
      <subfield code="a">http://hdl.handle.net/10459.1/468806</subfield>
   </datafield>
   <datafield tag="653" ind2=" " ind1=" ">
      <subfield code="a">Dosis – respuesta</subfield>
   </datafield>
   <datafield tag="653" ind2=" " ind1=" ">
      <subfield code="a">Planta exótica invasora</subfield>
   </datafield>
   <datafield tag="653" ind2=" " ind1=" ">
      <subfield code="a">Resistencia a herbicidas</subfield>
   </datafield>
   <datafield tag="653" ind2=" " ind1=" ">
      <subfield code="a">Glifosato</subfield>
   </datafield>
   <datafield ind2="0" ind1="0" tag="245">
      <subfield code="a">Caracterización de la resistencia herbicida de poblaciones españolas de Chloris truncata frente a glifosato</subfield>
   </datafield>
</record></metadata></record></GetRecord></OAI-PMH>